Multi-Resolution Image Fusion in Remote Sensing / (Record no. 617464)

000 -LEADER
fixed length control field 00504nam a22001697a 4500
003 - CONTROL NUMBER IDENTIFIER
control field NUST
005 - DATE AND TIME OF LATEST TRANSACTION
control field 20260514122231.0
008 - FIXED-LENGTH DATA ELEMENTS--GENERAL INFORMATION
fixed length control field 260514b ||||| |||| 00| 0 eng d
020 ## - INTERNATIONAL STANDARD BOOK NUMBER
International Standard Book Number 978-1-108-47512-9
082 ## - DEWEY DECIMAL CLASSIFICATION NUMBER
Classification number 551.58
Author Mark MAN
100 ## - MAIN ENTRY--PERSONAL NAME
Personal name Manujauth V. Joshi, Kishor P. Upla.
9 (RLIN) 134472
245 ## - TITLE STATEMENT
Title Multi-Resolution Image Fusion in Remote Sensing /
Statement of responsibility, etc. Manujauth V. Joshi, Kishor P. Upla.
260 ## - PUBLICATION, DISTRIBUTION, ETC.
Place of publication, distribution, etc. UK:
Name of publisher, distributor, etc. Cambridge,
Date of publication, distribution, etc. 2019.
300 ## - PHYSICAL DESCRIPTION
Extent 234 p ;
Dimensions 28.45 cm
563 ## - BINDING INFORMATION
Binding note Hardcover
942 ## - ADDED ENTRY ELEMENTS (KOHA)
Source of classification or shelving scheme
Koha item type Book
Holdings
Withdrawn status Lost status Source of classification or shelving scheme Damaged status Not for loan Permanent Location Current Location Date acquired Total Checkouts Full call number Barcode Date last seen Price effective from Koha item type
          Institute of Geographical Information Systems (IGIS) Institute of Geographical Information Systems (IGIS) 05/14/2026   551.58 MAN IGIS-876 05/14/2026 05/14/2026 Book
© 2023 Central Library, National University of Sciences and Technology. All Rights Reserved.